| 000 | 01593cam a22003977a 4500 | ||
|---|---|---|---|
| 001 | 16686898 | ||
| 003 | OSt | ||
| 005 | 20180116192425.0 | ||
| 008 | 110310s2009 dcuab b 000 0 eng d | ||
| 010 | _a 2011288300 | ||
| 020 | _a9781932444148 | ||
| 020 | _a9781932444186 | ||
| 020 | _a1932444149 | ||
| 035 | _a(OCoLC)ocn319062417 | ||
| 040 |
_aUUS _cUUS _dBON _dWPG _dYDXCP _dDLC |
||
| 042 | _alccopycat | ||
| 043 | _an-us--- | ||
| 082 | _a696 | ||
| 245 | 0 | 0 |
_aLEED reference guide for building design and construction: _bLeadership in energy & enviromental design |
| 246 | 1 | 8 | _aLEED reference guide for green building design and construction |
| 250 | _a2009 ed. | ||
| 260 |
_aWashington, DC : _bU.S. Green Building Council, _c2013. |
||
| 300 |
_axxvi, 806 p. : _bill., maps ; _c28 cm. |
||
| 500 | _aTitle from cover. | ||
| 500 | _a"For the design, construction and major renovations of commercial and institutional buildings including core & shell and K-12 school projects." | ||
| 504 | _aIncludes bibliographical references. | ||
| 650 | 0 |
_aSustainable buildings _zUnited States _xDesign and construction. _97896 |
|
| 650 | 0 |
_aBuildings _xEnvironmental aspects. _97897 |
|
| 650 | 0 |
_aBuilding _xEnvironmental aspects. _97898 |
|
| 650 | 0 |
_aLeadership in Energy and Environmental Design Green Building Rating System. _97899 |
|
| 710 | 2 |
_aU.S. Green Building Council. _97900 |
|
| 906 |
_a7 _bcbc _ccopycat _d2 _encip _f20 _gy-gencatlg |
||
| 942 |
_2ddc _cREF |
||
| 999 |
_c354035 _d354035 |
||